000 00960nam a2200241Ia 4500
001 7321
003 GE_BSU
008 181216s||||||||xx |||||||||||||| ||und||
020 _a9789941175435
040 _cGE_BSU
080 _a930(479.22)(092)+272-726.3(479.22)
100 _aფეიქრიშვილი ჟუჟუნა.
245 _aფიქრები მიხეილ თამარაშვილზე.
245 _b(ეძღვნება მიხეილ თამარაშვილის გარდაცვალების 100 წლისთავს.)
245 _cმხატვ.:გიორგი ლაშქარეიშვილი.
260 _aთბილისი.
260 _bუნივერსალი.
260 _c2012.
300 _a53 გვ; 20 სმ.
300 _bილ.
653 _aფიქრები მიხეილ თამარაშვილზე.
942 _cBK
999 _c40686
_d40686